Vigencia del pensamiento lingüístico de don Andrés Bello
Shranjeno v:
| Glavni avtor: | |
|---|---|
| Format: | Knjiga |
| Jezik: | španščina |
| Izdano: |
Caracas
Universidad Pedagógica Experimental Libertador
1997
|
| Teme: | |
| Oznake: |
Označite
Brez oznak, prvi označite!
|
MARC
| LEADER | 00000nam a2200000 a 4500 | ||
|---|---|---|---|
| 001 | UCO8759 | ||
| 003 | CL-VaPUC | ||
| 008 | 010105e19970000VE |||||||||||||||||spa|d | ||
| 082 | 0 | 4 | |a 401 |b ALV |2 21 |
| 100 | 0 | |a Alvarez, Luis |e author |9 453637 | |
| 245 | 1 | 0 | |a Vigencia del pensamiento lingüístico de don Andrés Bello |
| 300 | |a 219 p | ||
| 942 | |c BK | ||
| 945 | |d 20010105 00:00:00 |a cmena | ||
| 260 | |a Caracas |b Universidad Pedagógica Experimental Libertador |c 1997 | ||
| 600 | 0 | 7 | |a BELLO, ANDRES |2 CL-VaPUC |9 453638 |
| 650 | 0 | |a Filosofía del lenguaje |9 257082 | |
| 650 | 0 | |a Lingüística |9 265068 | |
| 650 | 0 | |a Crítica e interpretación |9 255042 | |
| 583 | |a last modification |c 20010105 00:00:00 |k Rodrigo Vera | ||
| 999 | |c 293227 |d 293225 | ||
| 952 | |0 0 |1 0 |4 0 |6 401_000000000000000_ALV_1997 |7 0 |8 A |9 344624 |a FDOPOS |b FDOPOS |d 2019-11-20 |i 3676722 |o 401 ALV 1997 |p 3676722 |r 2025-01-22 |w 2019-11-20 |y BK |k MLA | ||
| 952 | |0 0 |1 0 |4 0 |6 401_000000000000000_ALV_1997 |7 0 |8 A |9 344625 |a FDOPOS |b FDOPOS |d 2019-11-20 |i 3676730 |o 401 ALV 1997 |p 3676730 |r 2025-01-22 |w 2019-11-20 |y BK |k MLA | ||